|
|
|
|
| LEADER |
00000nab a2200000 a 4500 |
| 001 |
vtls000526108 |
| 003 |
SK-MaSNL |
| 005 |
20260304172603.0 |
| 008 |
250526c1994 xo 0 slo |
| 015 |
|
|
|a SNBRB19rr/mm-uuuuu
|
| 035 |
|
|
|a CL0526246
|
| 035 |
|
|
|a urn:nbn:sk:snk-ab29pb
|
| 035 |
|
|
|a (urnnbn)urn:nbn:sk:snk:ar-a01zu6
|
| 035 |
|
|
|a (uuid)c3c491c0-b80c-40ad-a357-3b69db1e59a3
|
| 040 |
|
|
|a SNKBUCL
|b slo
|c SNKBUCL
|e AACR2
|
| 041 |
0 |
|
|a slo
|
| 044 |
|
|
|a xo
|c SK
|
| 080 |
|
|
|a 630 232.3:631.53.02
|2 1981
|
| 080 |
|
|
|a 631.53.02
|2 1981
|
| 080 |
|
|
|a 630 425
|2 1981
|
| 100 |
1 |
|
|a Simančík, František,
|d 1935-2000
|4 aut
|9 155326
|
| 245 |
1 |
0 |
|a Úlohy lesného semenárstva pri obhospodarovaní a rekonštrukcii lesov v imisných oblastiach
|c František Simančík
|
| 300 |
|
|
|b Fotogr. 1
|
| 650 |
0 |
7 |
|a lesy
|2 snkbucl
|9 1437
|
| 650 |
0 |
7 |
|a semenárstvo
|2 snkbucl
|9 22375
|
| 655 |
|
7 |
|a články z novín a časopisov
|2 snkbucl
|9 267496
|
| 773 |
0 |
|
|t Les
|g Roč. 50, č. 7 (1994), s. 10-12
|x 0323-0996
|
| 850 |
|
|
|a Slovenská národná knižnica
|
| 852 |
|
|
|a Slovenská národná knižnica
|
| 954 |
|
|
|a odborná, vedecká literatúra pôvodná (slovenská)
|2 lita
|
| 958 |
|
|
|a ONDV
|
| 958 |
|
|
|a article2022
|
| 958 |
|
|
|a RK
|
| 992 |
|
|
|a RBX
|
| 999 |
|
|
|c 2999330
|d 3001260
|